Housing and the credit crunch (Record no. 109284)
[ view plain ]
| 000 -LEADER | |
|---|---|
| fixed length control field | 02338cad a22002295a 4500 |
| 001 - CONTROL NUMBER | |
| control field | L146763 |
| 008 - FIXED-LENGTH DATA ELEMENTS--GENERAL INFORMATION | |
| fixed length control field | 090224e20090210xxk f 000 0 eng d |
| 035 ## - SYSTEM CONTROL NUMBER | |
| System control number | (Sirsi) u146763 |
| 041 0# - LANGUAGE CODE | |
| Language code of text/sound track or separate title | eng |
| 050 04 - LIBRARY OF CONGRESS CALL NUMBER | |
| Classification number | 306.1 $2 18 |
| 110 2# - MAIN ENTRY--CORPORATE NAME | |
| Corporate name or jurisdiction name as entry element | United Kingdom |
| Subordinate unit | House of Commons |
| -- | Communities and Local Government Committee |
| 9 (RLIN) | 5160 |
| 245 00 - TITLE STATEMENT | |
| Title | Housing and the credit crunch |
| Medium | [electronic resource] |
| 260 ## - PUBLICATION, DISTRIBUTION, ETC. | |
| Place of publication, distribution, etc. | London |
| Name of publisher, distributor, etc. | House of Commons |
| Date of publication, distribution, etc. | 2009 |
| 505 2# - FORMATTED CONTENTS NOTE | |
| Formatted contents note | Terms of reference -- Summary -- Introduction -- House building targets: the 2007 housing green paper; targets, need and deliverability; balance of provision, private, social rented and low cost home ownership; land values; retaining skills and capacity in the construction sector; "regulatory burden?"; government response, purchasing unsold units; street property purchase; government response, additional social housing; government response, critical regeneration schemes -- Financial viability of housing schemes: building more affordable homes, the funding model; social housing grant; lending to housing associations; cross-subsidy; contingency planning -- Home ownership: affordability; government response, Homebuy Direct; government response, stamp duty; repossession; government response, mortgage rescue; government response, income support for mortgage interest payments; repossession of privately rented properties -- Conclusion |
| 520 ## - SUMMARY, ETC. | |
| Summary, etc. | Report shows that the government is unlikely to meet its targets for house building set in 2007 - partially as a result of the credit crunch. Suggests that the targets should be retained as a useful barometer of the need for new houses and advocates an increased focus on affordable housing. Discusses government responses (including the buying up of unsold new build stock) to current events and posits that the government would be wise to simplify its current offerings of affordable housing schemes. Mentions that affordability is still an issue for many, despite falls in capital values. |
| 521 ## - TARGET AUDIENCE NOTE | |
| Target audience note | Advanced |
| 590 ## - LOCAL NOTE (RLIN) | |
| Local note | KA NTK |
| 651 #4 - SUBJECT ADDED ENTRY--GEOGRAPHIC NAME | |
| Geographic name | England and Wales |
| Chronological subdivision | 1543- |
| 690 ## - LOCAL SUBJECT ADDED ENTRY--TOPICAL TERM (OCLC, RLIN) | |
| Topical term or geographic name as entry element | PROPERTY-RESIDENTIAL PROPERTY-RESIDENTIAL PROPERTY MARKET |
| 856 40 - ELECTRONIC LOCATION AND ACCESS | |
| Uniform Resource Identifier | <a href="https://www.publications.parliament.uk/pa/cm200809/cmselect/cmcomloc/101/10102.htm">https://www.publications.parliament.uk/pa/cm200809/cmselect/cmcomloc/101/10102.htm</a> |
| Public note | View the item free of charge at www.publications.parliament.uk... |
| 942 ## - ADDED ENTRY ELEMENTS (KOHA) | |
| Suppress in OPAC | 0 |
| Withdrawn status | Lost status | Source of classification or shelving scheme | Damaged status | Not for loan | Home library | Current library | Shelving location | Date acquired | Total Checkouts | Full call number | Barcode | Date last seen | Copy number | Price effective from | Koha item type |
|---|---|---|---|---|---|---|---|---|---|---|---|---|---|---|---|
| Dewey Decimal Classification | Virtual | Virtual | Online | 24/02/2009 | ONLINE PUBLICATION | 146763-1001 | 06/08/2019 | 1 | 06/08/2019 | Book |